|
|
|
|
| LEADER |
00000cam a2200000 7i4500 |
| 001 |
0000007923 |
| 002 |
000008497 |
| 005 |
20000330.0 |
| 020 |
|
|
|a 0435121804
|
| 090 |
0 |
0 |
|a JF
|b CAN
|
| 100 |
1 |
|
|a Canning, Victor
|
| 245 |
1 |
4 |
|a The runaways
|c Victor Canning
|
| 260 |
|
|
|a Oxford :
|b Heinemann Educational ,
|c 1973
|
| 300 |
|
|
|a 222p. ;
|c 21cm.
|
| 650 |
0 |
0 |
|a Children's stories
|
| 999 |
|
|
|a 048474
|b BUKU
|c PINJAMAN
|e PERPUSTAKAAN KOMUNITI PETALING JAYA
|
| 999 |
|
|
|a 053703
|b BUKU
|c PINJAMAN
|e PERPUSTAKAAN KOMUNITI PETALING JAYA
|
| 999 |
|
|
|a 053704
|b BUKU
|c PINJAMAN
|e PERPUSTAKAAN KOMUNITI PETALING JAYA
|